Nomadland / directed by Chloe Z hao, screenplay by Chloe Zhao, produced by Frances McDormand, Peter Spears, Mollye Asher, Dan Janvey, Chloe Zhao. (Record no. 20933)
| 000 -LEADER | |
|---|---|
| fixed length control field | 01039nam a2200265 4500 |
| 008 - FIXED-LENGTH DATA ELEMENTS--GENERAL INFORMATION | |
| fixed length control field | 250528b xxu||||| |||| 00| 0 eng d |
| 040 ## - CATALOGING SOURCE | |
| Original cataloging agency | Cagayan State University |
| 082 ## - DEWEY DECIMAL CLASSIFICATION NUMBER | |
| Classification number | 791.4372 |
| Item number | N727 2020 |
| 245 ## - TITLE STATEMENT | |
| Title | Nomadland / directed by Chloe Z hao, screenplay by Chloe Zhao, produced by Frances McDormand, Peter Spears, Mollye Asher, Dan Janvey, Chloe Zhao. |
| 260 ## - PUBLICATION, DISTRIBUTION, ETC. (IMPRINT) | |
| Place of publication, distribution, etc | United States : |
| Name of publisher, distributor, etc | Searchlight Pictures, Inc., |
| Date of publication, distribution, etc | 2020. |
| 300 ## - PHYSICAL DESCRIPTION | |
| Extent | 1 videofile, 108 minutes : |
| Other physical details | sound, color. |
| 520 ## - SUMMARY, ETC. | |
| Summary, etc | A woman in her sixties, after losing everything in the Great Recession, embarks on a journey through the American West, living as a van-dwelling modern-day nomad. |
| 521 ## - TARGET AUDIENCE NOTE | |
| Target audience note | R. |
| 546 ## - LANGUAGE NOTE | |
| Language note | English. |
| 650 ## - SUBJECT ADDED ENTRY--TOPICAL TERM | |
| Topical term or geographic name as entry element | Road Tri[p. |
| 650 ## - SUBJECT ADDED ENTRY--TOPICAL TERM | |
| Topical term or geographic name as entry element | Tragedy. |
| 650 ## - SUBJECT ADDED ENTRY--TOPICAL TERM | |
| Topical term or geographic name as entry element | Drama. |
| 700 ## - ADDED ENTRY--PERSONAL NAME | |
| Personal name | McDormand, Frances, star. |
| 700 ## - ADDED ENTRY--PERSONAL NAME | |
| Personal name | Strathairn, David, star. |
| 700 ## - ADDED ENTRY--PERSONAL NAME | |
| Personal name | May, Linda, star. |
| 700 ## - ADDED ENTRY--PERSONAL NAME | |
| Personal name | Swankie, star. |
| 700 ## - ADDED ENTRY--PERSONAL NAME | |
| Personal name | Richards, Joshua James, cinematographer. |
| 700 ## - ADDED ENTRY--PERSONAL NAME | |
| Personal name | Zhao, Chloe, editor. |
| 942 ## - ADDED ENTRY ELEMENTS (KOHA) | |
| Item type | Audio-Visual Materials |
| Source of classification or shelving scheme | |
No copies available.